Down Stream Wind Blockage Effects on the Performance of VAWT (Record no. 58545)

MARC details
000 -LEADER
fixed length control field 00409nam a2200157Ia 4500
100 ## - MAIN ENTRY--AUTHOR NAME
Personal name 09ME53
100 ## - MAIN ENTRY--AUTHOR NAME
Personal name Muhammad Zuhaib
245 #0 - TITLE STATEMENT
Title Down Stream Wind Blockage Effects on the Performance of VAWT
260 ## - PUBLICATION, DISTRIBUTION, ETC. (IMPRINT)
Place of publication Nawabshah
260 ## - PUBLICATION, DISTRIBUTION, ETC. (IMPRINT)
Name of publisher QUEST
260 ## - PUBLICATION, DISTRIBUTION, ETC. (IMPRINT)
Year of publication 2009
300 ## - PHYSICAL DESCRIPTION
Number of Pages 54
700 ## - ADDED ENTRY--PERSONAL NAME
Personal name Department of Mechanical Engineering
Holdings
Withdrawn status Lost status Home library Current library Date acquired Accession Number Koha item type
    Central Library, QUEST, Nawabshah Research Section 25/04/2018 MEP/23-286 Thesis and Dissertation